First and Last Albums - Statistics

General Stats
  • This quiz has been taken 16 times
  • The average score is 5 of 15
Answer Stats
Hint Answer % Correct
Greeting From Asbury Park, N.J. (1973), Letter To You (2020) Bruce Springsteen
80%
Cold Spring Harbour (1971), River of Dreams (1993) Billy Joel
60%
Dangerously in Love (2003), Lemonade (2016) Beyonce
53%
Kill 'Em All (1983), Hardwired... To Self-Destruct (2016) Metallica
53%
Horses (1975), Banga (2012) Patti Smith
47%
Got To be There (1972), Invincible (2001) Michael Jackson
40%
Closing Time (1973), Bad As Me (2011) Tom Waits
33%
Ring Ring (1973), Voyage (2021) ABBA
27%
Pure Heroine (2013), Solar Power (2021) Lorde
27%
Empty Sky (1969), Wonderful Crazy Night (2016) Elton John
20%
In the City (1977), The Gift (1982) The Jam
20%
Infinite (1996), Music To Be Murdered By (2020) Eminem
13%
Walk Among Us (1982), The Devil's Rain (2011) Misfits
13%
Room For Squares (2001), Sob Rock (2021) John Mayer
7%
Music of the Sun (2005), Anti (2016) Rihanna
7%
No matching quizzes found
Score Distribution
Percent of People with Each Score
Percentile by Number Answered
Your Score History
You have not taken this quiz